[Event "Almaty Academy IM 6th"]
[Site "Almaty"]
[Date "2023.11.22"]
[Round "5"]
[White "Askarov, Bakhtiyar"]
[Black "Gabrielian, Artur"]
[Result "1-0"]
[WhiteElo "2339"]
[BlackElo "2452"]
[PlyCount "105"]
[EventDate "2023.11.19"]
[EventType "tourn"]
[EventRounds "9"]
[EventCountry "KAZ"]
[EventCategory "4"]
[SourceTitle "CB48_2023"]
[SourceDate "2023.11.29"]
[SourceVersion "1"]
[SourceVersionDate "2023.11.29"]
[SourceQuality "1"]

1. d4 Nf6 2. Bg5 g6 3. Bxf6 exf6 4. c4 b6 5. e3 Bb7 6. Nc3 Bg7 7. Nf3 0-0 8. g3 d6 9. Bg2 c5 10. 0-0 f5 11. Qa4 cxd4 12. Nxd4 Bxg2 13. Kxg2 f4 14. Nd5 fxe3 15. fxe3 Nd7 16. Rad1 Ne5 17. b3 a6 18. Rd2 h5 19. h3 h4 20. g4 Qg5 21. Nf3 Nxf3 22. Rxf3 f5 23. Qd7 fxg4 24. Qxg4 Qxg4+ 25. hxg4 Rxf3 26. Kxf3 Rf8+ 27. Kg2 Be5 28. g5 b5 29. cxb5 axb5 30. Rc2 Bg3 31. a4 bxa4 32. bxa4 Ra8 33. Rc8+ Rxc8 34. Ne7+ Kf7 35. Nxc8 d5 36. a5 Ke6 37. a6 Bb8 38. Kh3 Ke5 39. Ne7 Kd6 40. Nxg6 Ba7 41. Nxh4 Ke6 42. Ng2 d4 43. exd4 Bxd4 44. Kg4 Kd6 45. Kf5 Kc6 46. Nf4 Kb6 47. Nd5+ Kxa6 48. Nf6 Be3 49. g6 Bh6 50. Ke6 Bg7 51. Kf7 Bh8 52. Ne8 Kb6 53. Ng7 1-0

[Event "Asian Continental op 20th"]
[Site "Almaty"]
[Date "2023.06.09"]
[Round "7"]
[White "Makhnev, Denis"]
[Black "Askarov, Bakhtiyar"]
[Result "1-0"]
[WhiteElo "2469"]
[BlackElo "2337"]
[PlyCount "79"]
[EventDate "2023.06.04"]
[EventType "swiss"]
[EventRounds "9"]
[EventCountry "KAZ"]
[SourceTitle "CBM 214 Extra"]
[Source "ChessBase"]
[SourceDate "2023.07.31"]
[SourceVersion "1"]
[SourceVersionDate "2023.07.31"]
[SourceQuality "1"]

1. d4 Nf6 2. c4 d6 3. Nf3 Bf5 4. g3 g6 5. Bg2 Bg7 6. Qb3 Nbd7 7. Nc3 0-0 8. Qxb7 c5 9. 0-0 Nb6 10. Qa6 Ne4 11. Nxe4 Bxe4 12. dxc5 dxc5 13. Qb5 Qc7 14. Bf4 e5 15. Nxe5 Bxg2 16. Nf3 Qe7 17. Kxg2 Qxe2 18. Nd2 Rfe8 19. a4 Qd3 20. Ra3 Qe2 21. Rb3 Rad8 22. a5 Nd7 23. Nf3 Qc2 24. Rc1 Qf5 25. Rd1 Nf6 26. Re3 h6 27. Rd5 Qc2 28. Rd2 Qf5 29. Re5 Qb1 30. Qxc5 g5 31. Re1 Qa2 32. Rxd8 Rxd8 33. Be5 g4 34. Nh4 Re8 35. Bxf6 Rxe1 36. Qc8+ Bf8 37. Qxg4+ Kh7 38. Bc3 Re6 39. Qd4 f6 40. Qd3+ 1-0

[Event "Asian Continental op 20th"]
[Site "Almaty"]
[Date "2023.06.07"]
[Round "5"]
[White "Urazayev, Arystanbek"]
[Black "Askarov, Bakhtiyar"]
[Result "0-1"]
[WhiteElo "2436"]
[BlackElo "2337"]
[PlyCount "39"]
[EventDate "2023.06.04"]
[EventType "swiss"]
[EventRounds "9"]
[EventCountry "KAZ"]
[SourceTitle "CBM 214 Extra"]
[Source "ChessBase"]
[SourceDate "2023.07.31"]
[SourceVersion "1"]
[SourceVersionDate "2023.07.31"]
[SourceQuality "1"]

1. e4 c5 2. Nf3 g6 3. c3 Bg7 4. d4 cxd4 5. cxd4 d5 6. e5 Nc6 7. Bb5 Nh6 8. 0-0 Bg4 9. Nbd2 Rc8 10. h3 Bd7 11. Ba4 0-0 12. Nb1 a6 13. Bb3 Na5 14. Bf4 Kh8 15. Qd2 Ng8 16. Bxd5 Bxh3 17. Be4 Bg4 18. Na3 f6 19. Bd3 Bxf3 20. gxf3 0-1

[Event "Asian Continental op 20th"]
[Site "Almaty"]
[Date "2023.06.05"]
[Round "2"]
[White "Askarov, Bakhtiyar"]
[Black "Agmanov, Zhandos"]
[Result "1/2-1/2"]
[WhiteElo "2337"]
[BlackElo "2446"]
[PlyCount "99"]
[EventDate "2023.06.04"]
[EventType "swiss"]
[EventRounds "9"]
[EventCountry "KAZ"]
[SourceTitle "CBM 214 Extra"]
[Source "ChessBase"]
[SourceDate "2023.07.31"]
[SourceVersion "1"]
[SourceVersionDate "2023.07.31"]
[SourceQuality "1"]

1. c4 e6 2. Nf3 d5 3. g3 Nf6 4. Bg2 d4 5. 0-0 c5 6. e3 Nc6 7. exd4 cxd4 8. d3 Bd6 9. Bg5 h6 10. Bxf6 Qxf6 11. Nbd2 Qe7 12. a3 a5 13. Ne4 Bc7 14. c5 0-0 15. Nfd2 Ra6 16. Nc4 b5 17. cxb6 Bxb6 18. Qb3 Bc7 19. Qb5 f5 20. Ned6 Bxd6 21. Bxc6 Qc7 22. Bg2 Ra7 23. Rfe1 Bd7 24. Qb6 Qxb6 25. Nxb6 Kf7 26. Nxd7 Rxd7 27. Bc6 Rc7 28. Bb5 Kf6 29. Bc4 Re8 30. b3 g5 31. f3 h5 32. Re2 Rce7 33. b4 axb4 34. axb4 Bxb4 35. Ra6 Bc5 36. Kg2 Ba7 37. Rea2 Bb8 38. Re2 Be5 39. Ra5 Bc7 40. Ra6 Be5 41. Ra5 Bc7 42. Ra6 h4 43. Rc6 Bb8 44. Ra6 Bc7 45. Rc6 Be5 46. Rc5 Bd6 47. Rc6 Ba3 48. Re1 Bb4 49. Re2 Ba3 50. Re1 1/2-1/2

[Event "Almaty Academy IM2 12"]
[Site "Almaty"]
[Date "2022.12.17"]
[Round "3"]
[White "Smirnov, Mark1111"]
[Black "Askarov, Bakhtiyar"]
[Result "0-1"]
[WhiteElo "1935"]
[BlackElo "2345"]
[PlyCount "102"]
[EventDate "2022.12.16"]
[EventType "tourn"]
[EventRounds "9"]
[EventCountry "KAZ"]
[EventCategory "3"]
[SourceTitle "CBM 211 Extra"]
[Source "ChessBase"]
[SourceDate "2023.01.31"]
[SourceVersion "1"]
[SourceVersionDate "2023.01.31"]
[SourceQuality "1"]

1. e4 g6 2. d4 Bg7 3. Nc3 c6 4. Nf3 d5 5. h3 dxe4 6. Nxe4 Nd7 7. Bd3 Ngf6 8. Nxf6+ Nxf6 9. 0-0 0-0 10. Re1 b6 11. c4 Bb7 12. Qe2 e6 13. Bf4 c5 14. dxc5 bxc5 15. Rad1 Qb6 16. Be5 Rad8 17. b3 Bxf3 18. Qxf3 Nh5 19. g4 Bxe5 20. Rxe5 Ng7 21. Bc2 Qa5 22. a4 Rxd1+ 23. Qxd1 Rd8 24. Qf3 Qd2 25. Re2 Qc1+ 26. Kg2 e5 27. Qe3 Qxe3 28. Rxe3 Rd2 29. Be4 f6 30. g5 Kf7 31. gxf6 Kxf6 32. Rd3 Rxd3 33. Bxd3 Ne6 34. Kf3 Ke7 35. h4 Kd6 36. Kg4 a5 37. Be4 Ke7 38. Bd5 Nf4 39. Kg5 Nh3+ 40. Kh6 Nxf2 41. Kxh7 Kf6 42. Kg8 e4 43. Kf8 e3 44. Bf3 Ne4 45. h5 gxh5 46. Bxh5 Nd2 47. Ke8 Ke5 48. Kd7 Kd4 49. Kc6 Nxb3 50. Kb5 Kd3 51. Bd1 e2 0-1

[Event "Almaty Academy IM2 12"]
[Site "Almaty"]
[Date "2022.12.16"]
[Round "1"]
[White "Gabrielian, Artur"]
[Black "Askarov, Bakhtiyar"]
[Result "1-0"]
[WhiteElo "2460"]
[BlackElo "2345"]
[PlyCount "81"]
[EventDate "2022.12.16"]
[EventType "tourn"]
[EventRounds "9"]
[EventCountry "KAZ"]
[EventCategory "3"]
[SourceTitle "CBM 211 Extra"]
[Source "ChessBase"]
[SourceDate "2023.01.31"]
[SourceVersion "1"]
[SourceVersionDate "2023.01.31"]
[SourceQuality "1"]

1. e4 c5 2. Nf3 Nc6 3. Bb5 e6 4. Bxc6 dxc6 5. 0-0 Qc7 6. d4 cxd4 7. Qxd4 Ne7 8. Nc3 Bd7 9. Be3 f6 10. Rad1 e5 11. Qc4 Nc8 12. Rd2 Nd6 13. Qb3 Qc8 14. Rfd1 Be6 15. Qa4 b5 16. Qa5 Nb7 17. Qa6 Be7 18. Ne1 Kf7 19. Nd3 Nd6 20. Qxc8 Rhxc8 21. b3 b4 22. Nxb4 Nc4 23. bxc4 Bxb4 24. Rd3 Bxc4 25. Rd7+ Ke8 26. Rxg7 Bxc3 27. Rxh7 Bb4 28. h4 Rd8 29. Rb1 a5 30. a3 Bxa3 31. Rbb7 Rdb8 32. Rh8+ Bf8 33. Bc5 Rxb7 34. Rxf8+ Kd7 35. Rxa8 Ke6 36. Rxa5 Rb5 37. Rxb5 cxb5 38. f3 Kd7 39. Kf2 Bf7 40. g4 Ke6 41. Ke3 1-0

[Event "Almaty Academy GM 12"]
[Site "Almaty"]
[Date "2022.12.14"]
[Round "9"]
[White "Kurmangaliyeva, Liya"]
[Black "Askarov, Bakhtiyar"]
[Result "1/2-1/2"]
[WhiteElo "2287"]
[BlackElo "2345"]
[PlyCount "22"]
[EventDate "2022.12.07"]
[EventType "tourn"]
[EventRounds "9"]
[EventCountry "KAZ"]
[EventCategory "8"]
[SourceTitle "CBM 211 Extra"]
[Source "ChessBase"]
[SourceDate "2023.01.31"]
[SourceVersion "1"]
[SourceVersionDate "2023.01.31"]
[SourceQuality "1"]

1. e4 e6 2. d4 d5 3. e5 c5 4. c3 Qb6 5. Nf3 Bd7 6. a3 Bb5 7. c4 Bxc4 8. Bxc4 dxc4 9. d5 exd5 10. Qxd5 Ne7 11. Qxc4 Qa6 1/2-1/2

[Event "Almaty Academy GM 12"]
[Site "Almaty"]
[Date "2022.12.09"]
[Round "4"]
[White "Askarov, Bakhtiyar"]
[Black "Nikitenko, Mihail"]
[Result "0-1"]
[WhiteElo "2345"]
[BlackElo "2502"]
[PlyCount "76"]
[EventDate "2022.12.07"]
[EventType "tourn"]
[EventRounds "9"]
[EventCountry "KAZ"]
[EventCategory "8"]
[SourceTitle "CBM 211 Extra"]
[Source "ChessBase"]
[SourceDate "2023.01.31"]
[SourceVersion "1"]
[SourceVersionDate "2023.01.31"]
[SourceQuality "1"]

1. d4 d5 2. Nf3 Nf6 3. Bf4 c5 4. e3 Nc6 5. Nbd2 e6 6. c3 Bd6 7. Bg3 0-0 8. Bd3 b6 9. Qe2 Bb7 10. Rd1 Ne7 11. e4 dxe4 12. Nxe4 Bxe4 13. Bxe4 Nxe4 14. Qxe4 c4 15. Ng5 Ng6 16. Qg4 Be7 17. h4 f5 18. Qh5 Bxg5 19. hxg5 f4 20. Bh4 Qd5 21. f3 e5 22. dxe5 Qxe5+ 23. Kf1 Rae8 24. Kg1 Qe2 25. Rf1 Qxb2 26. Be1 Qc1 27. Bf2 Qxc3 28. Qxh7+ Kf7 29. Qh3 Qd3 30. Qg4 c3 31. g3 c2 32. Kg2 fxg3 33. Bd4 Kg8 34. Kxg3 Nf4 35. g6 Qxg6 36. Qxg6 Nxg6 37. Kf2 Nf4 38. Be3 Nd3+ 0-1

[Event "Cheliabinsk Panchenko Memorial op-A"]
[Site "Cheliabinsk"]
[Date "2022.09.12"]
[Round "1"]
[White "Makov, Artem"]
[Black "Askarov, Bakhtiyar"]
[Result "0-1"]
[WhiteElo "2003"]
[BlackElo "2325"]
[PlyCount "76"]
[EventDate "2022.09.12"]
[EventType "swiss"]
[EventRounds "10"]
[EventCountry "RUS"]
[SourceTitle "CBM 210 Extra"]
[Source "ChessBase"]
[SourceDate "2022.11.30"]
[SourceVersion "1"]
[SourceVersionDate "2022.11.30"]
[SourceQuality "1"]

1. d4 d5 2. Nf3 Nf6 3. c4 e6 4. Nc3 c6 5. Bg5 h6 6. Bh4 dxc4 7. e4 g5 8. Bg3 b5 9. h4 g4 10. Ne5 Rg8 11. Be2 b4 12. Na4 Nxe4 13. Bxg4 Nxg3 14. fxg3 Bg7 15. Bf3 Bxe5 16. dxe5 Qxd1+ 17. Rxd1 Ke7 18. Nc5 Nd7 19. Bxc6 Nxc5 20. Bxa8 Nd7 21. 0-0 Nxe5 22. Rfe1 Nd3 23. Re2 Rxg3 24. b3 c3 25. Bf3 Nb2 26. Rd4 Ba6 27. Rc2 Bd3 28. Rc1 a5 29. Bc6 Re3 30. Rd7+ Kf8 31. Rb7 e5 32. g4 Be2 33. g5 hxg5 34. h5 Bxh5 35. Rb5 Re2 36. Rb8+ Kg7 37. Bb5 Rd2 38. Bf1 Bg6 0-1

[Event "Cheliabinsk Variation-A"]
[Site "Cheliabinsk"]
[Date "2022.04.06"]
[Round "6"]
[White "Askarov, Bakhtiyar"]
[Black "Asylov, Miras"]
[Result "1-0"]
[WhiteElo "2404"]
[BlackElo "2125"]
[PlyCount "51"]
[EventDate "2022.04.01"]
[EventType "swiss"]
[EventRounds "9"]
[EventCountry "RUS"]
[SourceTitle "CBM 207 Extra"]
[Source "ChessBase"]
[SourceDate "2022.05.31"]
[SourceVersion "1"]
[SourceVersionDate "2022.05.31"]
[SourceQuality "1"]

1. d4 Nf6 2. Bg5 d5 3. Bxf6 gxf6 4. e3 c5 5. Nc3 Nc6 6. a3 cxd4 7. exd4 Bf5 8. Nge2 e5 9. Ng3 Be6 10. Bb5 Qb6 11. dxe5 0-0-0 12. Bxc6 Qxc6 13. exf6 d4 14. Nce4 h5 15. f3 Bd5 16. 0-0 h4 17. Nf5 h3 18. Ne7+ Bxe7 19. fxe7 Rdg8 20. g3 Qc7 21. Qxd4 Bxe4 22. fxe4 Rxg3+ 23. Kh1 Rgg8 24. Rxf7 Re8 25. Qxh8 Rxh8 26. Rf8+ 1-0

[Event "Cheliabinsk Variation-A"]
[Site "Cheliabinsk"]
[Date "2022.04.05"]
[Round "5"]
[White "Sutormin, Danila"]
[Black "Askarov, Bakhtiyar"]
[Result "1/2-1/2"]
[WhiteElo "2409"]
[BlackElo "2404"]
[PlyCount "98"]
[EventDate "2022.04.01"]
[EventType "swiss"]
[EventRounds "9"]
[EventCountry "RUS"]
[SourceTitle "CBM 207 Extra"]
[Source "ChessBase"]
[SourceDate "2022.05.31"]
[SourceVersion "1"]
[SourceVersionDate "2022.05.31"]
[SourceQuality "1"]

1. e4 c5 2. Nf3 e6 3. d4 cxd4 4. Nxd4 a6 5. Bd3 Nc6 6. Nxc6 dxc6 7. 0-0 e5 8. Nd2 Ne7 9. Qh5 Ng6 10. Nf3 h6 11. Nxe5 Qa5 12. f4 Nxe5 13. fxe5 Be6 14. Kh1 g5 15. Qe2 Qxe5 16. Bd2 Bd6 17. g3 Qg7 18. Bc4 0-0-0 19. Bxe6+ fxe6 20. Qc4 Rhe8 21. Bc3 Be5 22. Rad1 Rxd1 23. Rxd1 Bxc3 24. bxc3 h5 25. Kg2 h4 26. Qd4 Qh7 27. g4 h3+ 28. Kg1 Rf8 29. Rd2 Qc7 30. Qe3 Qf4 31. Qe2 Rd8 32. Rxd8+ Kxd8 33. Qd3+ Ke7 34. Qxh3 Qxe4 35. Qg3 e5 36. h4 gxh4 37. Qxh4+ Ke6 38. Qh6+ Kd5 39. Qd2+ Ke6 40. Qh6+ Kf7 41. Qh5+ Ke7 42. Qg5+ Kf7 43. Qh5+ Ke7 44. Qg5+ Kd7 45. Qg7+ Kd6 46. Qf6+ Kd7 47. Qg7+ Ke6 48. Qh6+ Kd5 49. Qd2+ Ke6 1/2-1/2

[Event "Cheliabinsk Variation-A"]
[Site "Cheliabinsk"]
[Date "2022.04.04"]
[Round "4"]
[White "Zverev, Lev"]
[Black "Askarov, Bakhtiyar"]
[Result "1-0"]
[WhiteElo "2092"]
[BlackElo "2404"]
[PlyCount "241"]
[EventDate "2022.04.01"]
[EventType "swiss"]
[EventRounds "9"]
[EventCountry "RUS"]
[SourceTitle "CBM 207 Extra"]
[Source "ChessBase"]
[SourceDate "2022.05.31"]
[SourceVersion "1"]
[SourceVersionDate "2022.05.31"]
[SourceQuality "1"]

1. e4 g6 2. d4 Bg7 3. Nc3 c6 4. Be3 d5 5. Qd2 dxe4 6. Nxe4 Nd7 7. Nf3 Ngf6 8. Nxf6+ Nxf6 9. Bc4 Ne4 10. Qe2 Nd6 11. Bb3 Bg4 12. h3 Qa5+ 13. c3 Qh5 14. Bd1 Be6 15. Bg5 0-0 16. Rh2 Bd5 17. g4 Bxf3 18. Qe3 Nf5 19. Qd2 Bxd1 20. gxh5 Bxh5 21. h4 e5 22. dxe5 Bxe5 23. Bf4 Bf6 24. Bg5 Bg7 25. Kf1 h6 26. Bf4 Rad8 27. Qc2 Bf6 28. Bg5 Rd6 29. Bxf6 Rxf6 30. Rh3 Bg4 31. Rd3 Nxh4 32. Qd2 Kg7 33. Qe3 Nf3 34. Kg2 b6 35. Kg3 h5 36. Rad1 Re6 37. Qc1 Ne5 38. Rd6 h4+ 39. Kxh4 Ree8 40. Kg3 Bxd1 41. Qxd1 c5 42. Qd5 g5 43. Qd2 f6 44. Qd5 Re7 45. b3 Rfe8 46. c4 Nf7 47. Rd7 Ne5 48. Rb7 Ng6 49. Qc6 Rxb7 50. Qxb7+ Re7 51. Qa8 Rd7 52. Kg4 Rd4+ 53. Kg3 Rd3+ 54. Kh2 Rd7 55. Kg2 Ne5 56. Qb8 Kg6 57. Qg8+ Kf5 58. Qe8 Kf4 59. Qh8 f5 60. Qh1 Nf3 61. Qh3 Rd3 62. Qg3+ Ke4 63. Qc7 g4 64. Qb7+ Kf4 65. Qc7+ Ne5 66. Qxa7 Rd6 67. Qc7 Rc6 68. Qd8 Nf3 69. Qe7 Ne5 70. Qe8 Rd6 71. Qf8 Rc6 72. Qd8 Nf3 73. Qe8 Ne5 74. Qe7 Ke4 75. Qd8 f4 76. Qg8 Kf5 77. Qd8 f3+ 78. Kg3 Rf6 79. Qd2 Rf7 80. Qc2+ Ke6 81. Qe4 Rd7 82. Qe3 Rh7 83. Qg5 Rf7 84. Qd8 Nd7 85. Kxg4 Ne5+ 86. Kg3 Kf5 87. Qh8 Rf6 88. Qc8+ Ke4 89. Qb7+ Rc6 90. Qa8 Kf5 91. Qf8+ Rf6 92. Qc8+ Kg5 93. Kh2 Kf4 94. Kg1 Ng4 95. Qc7+ Ne5 96. Qd8 Rg6+ 97. Kf1 Ke4 98. Qd2 Rg7 99. Qh6 Rd7 100. Qh4+ Kf5 101. Ke1 Rd4 102. Qh5+ Ke4 103. Qh7+ Kf4 104. Qh6+ Kf5 105. Qxb6 Nd3+ 106. Kd2 Nb4+ 107. Kc1 Nd3+ 108. Kd2 Nb4+ 109. Kc3 Rd3+ 110. Kb2 Rd2+ 111. Kc1 Rxf2 112. Qxc5+ Ke4 113. Qxb4 Rxa2 114. c5+ Ke3 115. Qc3+ Ke4 116. Qc4+ Ke3 117. c6 f2 118. c7 Ra8 119. Kc2 Rc8 120. Qe6+ Kd4 121. Qb6+ 1-0

[Event "Cheliabinsk Variation Blitz"]
[Site "Cheliabinsk"]
[Date "2022.03.31"]
[Round "13"]
[White "Askarov, Bakhtiyar"]
[Black "Kostenko, Petr"]
[Result "1-0"]
[WhiteElo "2404"]
[BlackElo "2430"]
[PlyCount "103"]
[EventDate "2022.03.31"]
[EventType "swiss (blitz)"]
[EventRounds "13"]
[EventCountry "RUS"]
[SourceTitle "CBM 207 Extra"]
[Source "ChessBase"]
[SourceDate "2022.05.31"]
[SourceVersion "1"]
[SourceVersionDate "2022.05.31"]
[SourceQuality "1"]

1. e4 c5 2. Nf3 Nc6 3. d4 cxd4 4. Nxd4 Nf6 5. Nc3 e5 6. Nde2 Bc5 7. Ng3 d6 8. Be2 h5 9. Bg5 h4 10. Nh5 Kf8 11. Bxh4 Qb6 12. Bxf6 gxf6 13. 0-0 Qxb2 14. Na4 Qd4 15. c3 Qxd1 16. Rfxd1 Ke7 17. Rab1 b6 18. Nxc5 dxc5 19. Nxf6 Kxf6 20. Rd6+ Be6 21. Rxc6 Rhd8 22. Bc4 Rd2 23. g3 Rad8 24. a4 Rc2 25. Bd5 Rxc3 26. a5 bxa5 27. Rb5 a4 28. Ra5 a3 29. Rxa7 Rb8 30. Kg2 Rb2 31. Bxe6 fxe6 32. Raa6 a2 33. Rxe6+ Kf7 34. Rf6+ Ke7 35. Rh6 Kf7 36. Rh7+ Kg8 37. Rc7 Rcb3 38. Rxc5 Rb6 39. Ra7 Rb7 40. Rxb7 Rxb7 41. Ra5 Rb2 42. Ra7 Kf8 43. h4 Re2 44. Kf3 Rb2 45. h5 Kg8 46. g4 Rd2 47. g5 Rd3+ 48. Kg4 Rd2 49. Kg3 Rd3+ 50. f3 Rd2 51. h6 Kh8 52. g6 1-0

[Event "Ismagambetov Memorial 1st"]
[Site "Chess.com INT"]
[Date "2020.06.26"]
[Round "5"]
[White "Askarov, Bakhtiyar"]
[Black "Aubakirov, Azamat"]
[Result "1-0"]
[WhiteElo "2425"]
[BlackElo "2194"]
[PlyCount "65"]
[EventDate "2020.06.26"]
[EventType "swiss (blitz)"]
[EventRounds "11"]
[EventCountry "KAZ"]
[SourceTitle "CBM 197 Extra"]
[Source "ChessBase"]
[SourceDate "2020.09.30"]
[SourceVersion "1"]
[SourceVersionDate "2020.09.30"]
[SourceQuality "1"]

1. d4 d5 2. Nf3 Nf6 3. Bf4 c5 4. e3 Nc6 5. c3 Qb6 6. Qc1 Bf5 7. Nbd2 e6 8. Nb3 cxd4 9. exd4 Be7 10. h3 0-0 11. Be2 Rfc8 12. 0-0 Nb4 13. Qd1 Nc6 14. Nh4 Be4 15. f3 Bg6 16. Nxg6 hxg6 17. Kh1 Na5 18. Nxa5 Qxa5 19. Bd3 b5 20. a3 Qb6 21. Qe2 a6 22. g4 Bd6 23. Be3 Rab8 24. Kg2 a5 25. h4 b4 26. cxb4 axb4 27. a4 Qc7 28. Rfc1 Qe7 29. a5 Nxg4 30. fxg4 Qxh4 31. Rh1 Qg3+ 32. Kf1 Bf4 33. Bf2 1-0

[Event "Ismagambetov Memorial 1st"]
[Site "Chess.com INT"]
[Date "2020.06.26"]
[Round "6"]
[White "Zhukova, Natalia"]
[Black "Askarov, Bakhtiyar"]
[Result "1-0"]
[WhiteElo "2328"]
[BlackElo "2425"]
[PlyCount "67"]
[EventDate "2020.06.26"]
[EventType "swiss (blitz)"]
[EventRounds "11"]
[EventCountry "KAZ"]
[SourceTitle "CBM 197 Extra"]
[Source "ChessBase"]
[SourceDate "2020.09.30"]
[SourceVersion "1"]
[SourceVersionDate "2020.09.30"]
[SourceQuality "1"]

1. c4 Nf6 2. Nc3 g6 3. e4 d6 4. d4 Bg7 5. f4 0-0 6. Nf3 c5 7. d5 e6 8. dxe6 fxe6 9. Bd3 Nc6 10. 0-0 e5 11. f5 gxf5 12. exf5 Nd4 13. Nxd4 cxd4 14. Ne4 d5 15. Nxf6+ Bxf6 16. cxd5 Qxd5 17. Bh6 Re8 18. Rc1 Kh8 19. Bc4 Qd6 20. Qh5 Bd7 21. Rf3 Re7 22. Rh3 Rc8 23. Bf7 Rxc1+ 24. Bxc1 Bxf5 25. Qxf5 Rxf7 26. Rf3 d3 27. Bg5 d2 28. Qc8+ Kg7 29. Bxf6+ Rxf6 30. Qxb7+ Kf8 31. Rxf6+ Qxf6 32. Qb4+ Kg7 33. Qxd2 Qb6+ 34. Qf2 1-0

[Event "KAZ Independence rapid"]
[Site "Almaty"]
[Date "2019.12.02"]
[Round "6"]
[White "Askarov, Bakhtiyar"]
[Black "Primbetov, Kazbek"]
[Result "1-0"]
[WhiteElo "2425"]
[BlackElo "2207"]
[PlyCount "87"]
[EventDate "2019.12.01"]
[EventType "swiss (rapid)"]
[EventRounds "9"]
[EventCountry "KAZ"]
[SourceTitle "CBM 193 Extra"]
[Source "ChessBase"]
[SourceDate "2020.01.31"]
[SourceVersion "1"]
[SourceVersionDate "2020.01.31"]
[SourceQuality "1"]

1. d4 Nf6 2. Nf3 c5 3. d5 b5 4. c4 bxc4 5. Nc3 d6 6. Nd2 g6 7. e4 Bg7 8. Be2 0-0 9. Nxc4 Nbd7 10. 0-0 Nb6 11. Ne3 e6 12. a4 exd5 13. exd5 a5 14. Nc4 Bb7 15. Nxb6 Qxb6 16. Bb5 Ba6 17. Qf3 Bxb5 18. Nxb5 Nd7 19. Qh3 Ne5 20. Bh6 Bxh6 21. Qxh6 Rfe8 22. Ra3 f5 23. Qf4 Nf7 24. Re3 Re5 25. Rfe1 Rae8 26. h3 Kg7 27. b3 R8e7 28. Na3 Qb7 29. Nc4 Rxe3 30. Rxe3 Rxe3 31. Qxe3 Qxd5 32. Qc3+ Kg8 33. Nxa5 Ne5 34. Nc4 Nc6 35. Qf6 Qd1+ 36. Kh2 Qxb3 37. Nxd6 Qd5 38. f4 c4 39. Nb5 Qe4 40. Qd6 Na5 41. Nd4 Nb3 42. Ne6 Qa8 43. Qe7 Qe4 44. Qf8# 1-0

[Event "KAZ Independence rapid"]
[Site "Almaty"]
[Date "2019.12.02"]
[Round "9"]
[White "Nugumanov, Bakhtiyar"]
[Black "Askarov, Bakhtiyar"]
[Result "1-0"]
[WhiteElo "2389"]
[BlackElo "2425"]
[PlyCount "79"]
[EventDate "2019.12.01"]
[EventType "swiss (rapid)"]
[EventRounds "9"]
[EventCountry "KAZ"]
[SourceTitle "CBM 193 Extra"]
[Source "ChessBase"]
[SourceDate "2020.01.31"]
[SourceVersion "1"]
[SourceVersionDate "2020.01.31"]
[SourceQuality "1"]

1. d4 Nf6 2. Nf3 c5 3. c3 e6 4. Bf4 d5 5. e3 Nc6 6. Nbd2 Be7 7. h3 0-0 8. Bd3 Bd6 9. Bxd6 Qxd6 10. 0-0 e5 11. dxc5 Qxc5 12. e4 h6 13. Re1 Re8 14. exd5 Nxd5 15. Ne4 Qe7 16. Bc4 Nf4 17. Qd6 Be6 18. Bxe6 Qxe6 19. Qxe6 Rxe6 20. Rad1 Re7 21. h4 f5 22. Nd6 g6 23. g3 Nh5 24. b4 e4 25. Nd4 Ne5 26. c4 Nd3 27. Re2 Nxb4 28. Rb1 Nc6 29. Nxc6 bxc6 30. c5 Re5 31. Rb7 Rf8 32. Rxa7 Rxc5 33. Rc7 Nf6 34. Rb2 Nd5 35. Ra7 Nf6 36. Rbb7 Nh5 37. Nf7 Kg7 38. Ne5+ Kg8 39. Nxg6 Rd8 40. Rh7 1-0

[Event "Almaty IITU"]
[Site "Almaty"]
[Date "2019.02.25"]
[Round "6"]
[White "Askarov, Bakhtiyar"]
[Black "Zhalmakhanov, Ramazan"]
[Result "0-1"]
[WhiteElo "2425"]
[BlackElo "2324"]
[PlyCount "88"]
[EventDate "2019.02.20"]
[EventType "tourn"]
[EventRounds "9"]
[EventCountry "KAZ"]
[EventCategory "5"]
[SourceTitle "CBM 189 Extra"]
[Source "ChessBase"]
[SourceDate "2019.06.03"]
[SourceVersion "1"]
[SourceVersionDate "2019.06.03"]
[SourceQuality "1"]

1. Nf3 d5 2. d4 Nf6 3. g3 c6 4. Bg2 Bf5 5. 0-0 e6 6. c4 Nbd7 7. Nc3 dxc4 8. Nh4 Bg4 9. h3 Bh5 10. g4 Nd5 11. e4 N5b6 12. Nf3 Bg6 13. a4 a5 14. Be3 h5 15. Ng5 Be7 16. f4 Bxg5 17. fxg5 Qe7 18. Qf3 e5 19. d5 Nc5 20. gxh5 Bxh5 21. Qg3 Nbd7 22. Rf2 Nd3 23. Rc2 N7c5 24. Rf1 0-0 25. Kh2 Nb3 26. Nd1 cxd5 27. exd5 Nd4 28. Rd2 Bg6 29. Qg4 Qd6 30. Nc3 e4+ 31. Kh1 Nf3 32. Bxf3 exf3 33. Qxc4 Rac8 34. Qg4 Rfe8 35. Bf2 Qb4 36. Qxf3 Nxb2 37. Bd4 Nxa4 38. Rc1 Nxc3 39. Bxc3 Be4 40. Kh2 Bxf3 41. Bxb4 Rxc1 42. Bxa5 Rd1 43. Rxd1 Bxd1 44. d6 Ba4 0-1

[Event "Almaty IITU"]
[Site "Almaty"]
[Date "2019.02.23"]
[Round "4"]
[White "Mezentsev, Ivan"]
[Black "Askarov, Bakhtiyar"]
[Result "1/2-1/2"]
[WhiteElo "2298"]
[BlackElo "2425"]
[PlyCount "64"]
[EventDate "2019.02.20"]
[EventType "tourn"]
[EventRounds "9"]
[EventCountry "KAZ"]
[EventCategory "5"]
[SourceTitle "CBM 189 Extra"]
[Source "ChessBase"]
[SourceDate "2019.06.03"]
[SourceVersion "1"]
[SourceVersionDate "2019.06.03"]
[SourceQuality "1"]

1. e4 e6 2. d4 d5 3. Nc3 Bb4 4. exd5 exd5 5. Bd3 Nc6 6. Nge2 Nge7 7. 0-0 Bf5 8. Be3 Qd7 9. a3 Bxc3 10. Nxc3 Bxd3 11. Qxd3 0-0 12. f3 Rae8 13. Rfe1 Nd8 14. Rad1 c6 15. Bf2 Ng6 16. Qd2 Qf5 17. Ne2 h6 18. Ng3 Qd7 19. Nh5 Qf5 20. Ng3 Qd7 21. Nh5 Qf5 22. Ng3 Qd7 23. c3 Rxe1+ 24. Rxe1 Re8 25. Rxe8+ Qxe8 26. Ne2 Ne6 27. Nc1 Nef4 28. g3 Nh5 29. Qe3 Nf6 30. Nd3 Qxe3 31. Bxe3 Nd7 32. g4 f6 1/2-1/2

[Event "Almaty IITU"]
[Site "Almaty"]
[Date "2019.02.21"]
[Round "2"]
[White "Khusenkhojaev, Muhammad"]
[Black "Askarov, Bakhtiyar"]
[Result "0-1"]
[WhiteElo "2441"]
[BlackElo "2425"]
[PlyCount "86"]
[EventDate "2019.02.20"]
[EventType "tourn"]
[EventRounds "9"]
[EventCountry "KAZ"]
[EventCategory "5"]
[SourceTitle "CBM 189 Extra"]
[Source "ChessBase"]
[SourceDate "2019.06.03"]
[SourceVersion "1"]
[SourceVersionDate "2019.06.03"]
[SourceQuality "1"]

1. d4 Nf6 2. c4 g6 3. Nf3 Bg7 4. g3 0-0 5. Bg2 d6 6. Nc3 Nbd7 7. 0-0 e5 8. Qc2 Re8 9. Rd1 exd4 10. Nxd4 h6 11. b3 Qe7 12. Bb2 c6 13. e4 Nc5 14. f3 h5 15. Qd2 Nfd7 16. b4 Ne6 17. Nce2 Nb6 18. Rac1 d5 19. Nxe6 Bxb2 20. Qxb2 Bxe6 21. exd5 cxd5 22. c5 Nc4 23. Qd4 a5 24. Nf4 axb4 25. Re1 Qg5 26. Re2 h4 27. gxh4 Qxh4 28. Nxe6 Qxd4+ 29. Nxd4 Rxe2 30. Nxe2 Rxa2 31. Nd4 Nd2 32. Rc2 b3 33. Rxa2 bxa2 34. Nc2 Nb3 35. f4 d4 36. Bf1 Nxc5 37. Na1 d3 38. Kf2 b5 39. Ke3 b4 40. Kd4 b3 41. Kc3 d2 42. Be2 Nd3 43. Nxb3 Nc1 0-1